000 01318nam a22002777a 4500
005 20240530110345.0
008 141201s2008 ua b gr 000 u ara d
017 _a2008/19306
_bمصر . دار الكتب المصرية
020 _a9771805916
040 _aEG-CaGPL
041 0 _aara
082 0 4 _221
_a818.03/
_bع ر
100 0 _aعبدالمنعم محمد سعيد
245 1 0 _aرحلة حسن افندى توفيق العدل 1887 - 1892 :
_bالرحلة الى برلين - رسائل البشرى فى السياحة بالمانيا وسويسرا /
_cاعداد عبدالمنعم محمد سعيد ؛ دراسة محمد صابر عرب
260 _aالقاهرة :
_bدار الكتب والوثائق القومية ،
_c2008
300 _a421 ص :
_bخرائط ؛
_c24 سم
490 _aمن ادب الرحلات
505 _tالرحلة الى برلين
505 _tرسائل البشرى فى السياحة بالمانيا وسويسرا
600 0 4 _aحسن توفيق بن عبدالرحمن العدل
_d1278 - 1322 هـ
_xرحلات سويسرا
650 0 4 _aسويسرا
_xوصف ورحلات
650 0 4 _aالادب العربى
_xرحلات
700 0 _a محمد صابر عرب
_eدراسة
942 _2ddc
_cBK
999 _c59952
_d59952